| 000 | 00715nam a22002417a 4500 | ||
|---|---|---|---|
| 999 |
_c371228 _d371228 |
||
| 001 | 84876 | ||
| 003 | UA-OsUOA | ||
| 005 | 20200221154425.0 | ||
| 007 | ta | ||
| 008 | 20120611b un ||||| |||| 00| 0 ukr d | ||
| 040 |
_aUA-OsUOA _bukr _cUA-OsUOA _dUA-OsUOA |
||
| 041 | _aukr | ||
| 080 | _a821.161.2:09 | ||
| 090 |
_a821.161.2:09 _bК84 |
||
| 100 | _aКрушельницький А. | ||
| 245 |
_aБуденний хліб _bоповідання з життя |
||
| 260 |
_aК. _c1920 |
||
| 300 | _a281 с. | ||
| 650 | 7 |
_a09 Рукописи. Раритети і рідкісні видання _2UDC |
|
| 650 | 7 | _a82 Література. Літературознавство | |
| 942 |
_cRB _2udc |
||
| 955 | _a3 | ||